Catálogo - Centro de Recursos para el Aprendizaje y la Investigación

Volver al Sitio - CRAI Biblioteca

Constitución del Estado Libre Asociado de Puerto Rico (Registro nro. 113526)

Detalles MARC
000 -CABECERA
campo de control de longitud fija 00931nam a2200241 4500
001 - NÚMERO DE CONTROL
campo de control 113526
003 - IDENTIFICADOR DEL NÚMERO DE CONTROL
campo de control DR-UNIBE
005 - FECHA Y HORA DE LA ÚLTIMA TRANSACCIÓN
campo de control 20250501113442.0
008 - DATOS DE LONGITUD FIJA--INFORMACIÓN GENERAL
campo de control de longitud fija 250501b2001 pr ||||| |||| 00| 0 spa d
020 ## - NÚMERO INTERNACIONAL ESTÁNDAR DEL LIBRO
Número Internacional Estándar del Libro 0327019972
040 ## - FUENTE DE LA CATALOGACIÓN
Centro catalogador/agencia de origen BIBLIOTECA UNIBE
Lengua de catalogación spa
Centro/agencia transcriptor BIBLIOTECA UNIBE
Normas de descripción rda
041 ## - CÓDIGO DE LENGUA
Código de lengua del texto/banda sonora o título independiente spa
082 ## - NÚMERO DE LA CLASIFICACIÓN DECIMAL DEWEY
Número de edición 22
Número de clasificación 342.972.95 P977c
110 10 - ENTRADA PRINCIPAL--NOMBRE DE ENTIDAD CORPORATIVA
Nombre de entidad corporativa o nombre de jurisdicción como elemento de entrada Puerto Rico. Leyes, decretos, etc
9 (RLIN) 194803
Término indicativo de función/relación autor
245 10 - MENCIÓN DE TÍTULO
Título Constitución del Estado Libre Asociado de Puerto Rico
250 ## - MENCIÓN DE EDICIÓN
Mención de edición Edición conmemorativa
260 ## - PUBLICACIÓN, DISTRIBUCIÓN, ETC.
Lugar de publicación, distribución, etc. San Juan :
Nombre del editor, distribuidor, etc. Lexis-Nexis
Fecha de publicación, distribución, etc. 2001
300 ## - DESCRIPCIÓN FÍSICA
Extensión v, 399 páginas :
Dimensiones 15 x 10 cm
500 ## - NOTA GENERAL
Nota general Edición conmemorativa de cincuentenario de la Constitución del Estado Libre Asociado de Puerto Rico 1952-2002
505 ## - NOTA DE CONTENIDO CON FORMATO
Nota de contenido con formato Prefacio |<br/>Análisis de los artículos y las secciones |<br/>Preámbulo |<br/>Artículos |<br/>Signatarios de la Constitución
651 #7 - PUNTO DE ACCESO ADICIONAL DE MATERIA--NOMBRE GEOGRÁFICO
Nombre geográfico Puerto Rico
Subdivisión general Constitución
9 (RLIN) 194806
942 ## - ELEMENTOS DE PUNTO DE ACCESO ADICIONAL (KOHA)
Fuente del sistema de clasificación o colocación Sistema de Clasificación Decimal Dewey
Tipo de ítem Koha Libro (general)
Existencias
Estado de retiro Estado de pérdida Fuente del sistema de clasificación o colocación No para préstamo Código de colección Localización permanente Fecha de adquisición Total de préstamos Signatura topográfica completa Código de barras Fecha visto por última vez Número de copia Precio válido a partir de Tipo de ítem Koha
  Disponible Sistema de Clasificación Decimal Dewey   General Biblioteca Central UNIBE 08/04/2025   342.972.95 P977c 250427 01/05/2025 Ej. 1 01/05/2025 Libro (general)
  Disponible Sistema de Clasificación Decimal Dewey   General Biblioteca Central UNIBE 08/04/2025   342.972.95 P977c 250428 01/05/2025 Ej. 2 01/05/2025 Libro (general)